Luật hình sự Việt Nam : Các tội phạm về kinh tế và các tội phạm về chức vụ

Na minha lista:
Detalhes bibliográficos
Autor Corporativo: Trường Đại học Luật
Formato: Livro
Idioma:Undetermined
Publicado em: Hà Nội Thống kê 1996
Assuntos:
Tags: Adicionar Tag
Sem tags, seja o primeiro a adicionar uma tag!
Thư viện lưu trữ: Trung tâm Học liệu Trường Đại học Cần Thơ
LEADER 00664nam a2200205Ia 4500
001 CTU_23819
008 210402s9999 xx 000 0 und d
082 |a 345.597 
082 |b L504 
110 |a Trường Đại học Luật 
245 0 |a Luật hình sự Việt Nam : 
245 0 |b Các tội phạm về kinh tế và các tội phạm về chức vụ 
245 0 |c Trường Đại học Luật 
260 |a Hà Nội 
260 |b Thống kê 
260 |c 1996 
650 |a Criminal law 
650 |z Vietnam 
904 |i Phượng, Huỳnh Mai 
980 |a Trung tâm Học liệu Trường Đại học Cần Thơ